Sektorový operačný program Priemysel a služby
Sektorový operačný program Priemysel a služby (SOP PS) predstavuje samostatný programovací dokument za oblasť priemyslu a služieb, ktorý sa vzťahuje na regióny Cieľa 1 a z geografického hľadiska pokrýva celé územie SR okrem Bratislavského kraja. Prostredníctvom tohto programu je možné čerpať finančn...
Gespeichert in:
| 1. Verfasser: | |
|---|---|
| Format: | Buchkapitel |
| Sprache: | Slowakisch |
| Schlagworte: | |
| Tags: |
Keine Tags, Fügen Sie das erste Tag hinzu!
|
MARC
| LEADER | 00000naa$a2200000$$$4500 | ||
|---|---|---|---|
| 001 | 0010975 | ||
| 005 | 20230808081502.6 | ||
| 041 | 0 | |a slo | |
| 044 | |a SK | ||
| 245 | 1 | 0 | |a Sektorový operačný program Priemysel a služby |c aut. Ján Ježo |
| 520 | |a Sektorový operačný program Priemysel a služby (SOP PS) predstavuje samostatný programovací dokument za oblasť priemyslu a služieb, ktorý sa vzťahuje na regióny Cieľa 1 a z geografického hľadiska pokrýva celé územie SR okrem Bratislavského kraja. Prostredníctvom tohto programu je možné čerpať finančné prostriedky z Európskeho fondu regionálneho rozvoja. Priority SOP PS. Opatrenia v rámci priorít. Schémy štátnej pomoci. | ||
| 610 | 2 | 0 | |a programy rozvojové |
| 610 | 2 | 0 | |a priemysel |
| 610 | 2 | 0 | |a služby |
| 610 | 2 | 0 | |a ruch cestovný |
| 610 | 2 | 0 | |a Slovensko |
| 610 | 2 | 0 | |a regióny |
| 610 | 2 | 0 | |a pomoc štátna |
| 610 | 2 | 0 | |a podpora podnikania |
| 100 | 1 | |a Ježo, Ján | |